Prigionieri Negli Abissi

Guardat en:
Dades bibliogràfiques
Autor principal: Italo Zaina
Format: Llibre
Idioma:idioma desconegut
Publicat: La Scuola Edtrice
Etiquetes: Afegir etiqueta
Sense etiquetes, Sigues el primer a etiquetar aquest registre!

MARC

LEADER 00000nam a2200000Ia 4500
001 R-1268
003 CODICE-MESSINA
005 20260212102505.0
008 260211s9999 xx 000 0 und d
040 |c importazione_messina 
100 |a Italo Zaina 
245 0 |a Prigionieri Negli Abissi 
260 |b La Scuola Edtrice 
942 |2 ddc  |c BK 
952 |0 0  |1 0  |2 ddc  |4 0  |6 SCAFFALE_12_000000000000000__ROMANZI  |7 0  |9 32101  |a ME  |b ME  |d 2026-02-11  |l 0  |o SCAFFALE 12 - ROMANZI  |p R-1268  |r 2026-02-11 23:52:58  |w 2026-02-11  |x [REVISIONARE]  |y BK 
999 |c 27768  |d 27768